|
|
|
|
| LEADER |
00811nam a22002172a 4500 |
| 001 |
000056604 |
| 003 |
CZ BrMZK |
| 005 |
20061030070035.0 |
| 008 |
950407s1962 xr f cze d |
| 040 |
|
|
|a BOA001
|b cze
|
| 100 |
1 |
|
|a Nováková, Eliška,
|d 1911-2013
|7 jk01090571
|
| 245 |
1 |
0 |
|a Jazyková čítanka německých textů pro posluchače filologického směru (zejména pro bohemisty a slavisty)
|
| 250 |
|
|
|a 2. přeprac. vyd.
|
| 260 |
|
|
|a Praha :
|b SPN,
|c 1962
|
| 490 |
1 |
|
|a Učební texty vysokých škol
|
| 700 |
1 |
|
|a Urbanová, Anna,
|d 1912-2004
|7 jk01140888
|
| 830 |
|
0 |
|a Učební texty vysokých škol
|
| 910 |
|
|
|a BOA001
|b PK-N-0002.890
|
| 964 |
|
|
|a Němčina - čítanky - školy vysoké
|
| 990 |
|
|
|a BK
|
| 996 |
7 |
|
|b 3119975628
|c PK-N-0002.890
|l MZK
|r Sklad / do 1 hodiny
|n 0
|w 000056604
|u 000010
|a 1
|e BOA001
|j MZK50
|s A
|